Sifat-sifat bendalir petroleum / (Record no. 3746)

000 -LEADER
fixed length control field nam a22 a 4500
003 - CONTROL NUMBER IDENTIFIER
control field AKMAL
005 - DATE AND TIME OF LATEST TRANSACTION
control field 20170523163119.0
008 - FIXED-LENGTH DATA ELEMENTS--GENERAL INFORMATION
fixed length control field 170523t1997 my 00 may d
020 ## - INTERNATIONAL STANDARD BOOK NUMBER
International Standard Book Number 9835200815 (kkt.):
Terms of availability RM 45.00
040 ## - CATALOGING SOURCE
Original cataloging agency AKMAL
082 04 - DEWEY DECIMAL CLASSIFICATION NUMBER
Classification number 665.5 MCC
090 00 - LOCALLY ASSIGNED LC-TYPE CALL NUMBER (OCLC); LOCAL CALL NUMBER (RLIN)
Classification number (OCLC) (R) ; Classification number, CALL (RLIN) (NR) 665.5
Local cutter number (OCLC) ; Book number/undivided call number, CALL (RLIN) MCC
100 1# - MAIN ENTRY--PERSONAL NAME
Personal name McCain, William D.,
Dates associated with a name 1933-
9 (RLIN) 7406
245 10 - TITLE STATEMENT
Title Sifat-sifat bendalir petroleum /
Statement of responsibility, etc. William D. McCain, Jr. ; penterjemah Muhammad A. Manan ... [et al.]
250 ## - EDITION STATEMENT
Edition statement Ed. ke-2
260 ## - PUBLICATION, DISTRIBUTION, ETC.
Place of publication, distribution, etc. Skudai :
Name of publisher, distributor, etc. Penerbit Universiti Teknologi Malaysia,
Date of publication, distribution, etc. 1997
300 00 - PHYSICAL DESCRIPTION
Extent xxxvi, 552ms. ;
Dimensions 22cm
500 ## - GENERAL NOTE
General note Mengandungi rujukan bibliografi dan indeks
521 ## - TARGET AUDIENCE NOTE
Target audience note Peringkat pembaca: Institut pengajian tinggi
650 #0 - SUBJECT ADDED ENTRY--TOPICAL TERM
Topical term or geographic name entry element Petroleum
9 (RLIN) 7407
650 #0 - SUBJECT ADDED ENTRY--TOPICAL TERM
Topical term or geographic name entry element Natural gas
9 (RLIN) 7408
650 #0 - SUBJECT ADDED ENTRY--TOPICAL TERM
Topical term or geographic name entry element Oil reservoir engineering
9 (RLIN) 7409
700 0# - ADDED ENTRY--PERSONAL NAME
Personal name Muhammad A. Manan
9 (RLIN) 7410
942 ## - ADDED ENTRY ELEMENTS (KOHA)
Source of classification or shelving scheme
Koha item type Book
Holdings
Withdrawn status Lost status Source of classification or shelving scheme Damaged status Not for loan Collection code Home library Current library Shelving location Date acquired Inventory number Total Checkouts Full call number Barcode Date last seen Price effective from Koha item type
          NON-FICTION AKMAL Melaka AKMAL Melaka PINJAMAN 23.05.2017 602381   665.5 MCC 201704701 23.05.2017 23.05.2017 Book
Pusat Sumber Maklumat Dato' Haji Sarmin Md Hussin, Akademi Kastam Diraja Malaysia, Melaka
Tel: 06-2331106 | Faks: 06-2313787